000 00721nam a2200253Ia 4500
003 OSt
005 20221005050304.0
006 a|||||r|||| 00| 0
007 ta
008 221004b |||||||| |||| 00| 0 mal d
024 _a56133
037 _cTextual
040 _aCRL
_cCRL
_bmal
041 _2mal
_amal
082 _aO32,3N021,1, K6
100 _aVasudevanunnithan Menakaimal
_9594490
245 0 _aPremabandhangal
260 _aKottayam
_bNational Book Stall India
_c1966
300 _a298p.
_ccm.
650 _a MALAYALAM LITERATURE
_938866
650 _aMALAYALAM FICTION
_9183428
942 _hO32,3N021,1, K6
_cTEXL
_2cc
999 _c956651
_d956651